| 000 | 00641nam a2200157 a 4500 | ||
|---|---|---|---|
| 001 | 000030538 | ||
| 005 | 20200930062352.0 | ||
| 008 | 110523s1932 dr c r 000 | spa d | ||
| 040 |
_aDO-SdBNP _bspa _cBNPHU |
||
| 082 |
_axxxx _bR426d |
||
| 110 | 1 |
_aRepública Dominicana. _bPresidente (1930-1938 : Trujillo Molina) _957161 |
|
| 245 | 1 | 0 | _aDiscurso del hon. Presidente de la República, general Rafael L. Trujillo Molina, al inaugurar oficialmente el Ateneo Dominicanio el 23 de enero de 1932. |
| 260 |
_a[Ciudad Trujillo, República Dominicana] : _bLa Opinión, _c1932. |
||
| 300 |
_a76 p. : _bretr. ; _c18 cm. |
||
| 590 | _aInventariado, 2018/LP | ||
| 999 |
_c30030 _d30030 |
||